একালের গদ্যপদ্য আন্দোলনের দলিল / (Record no. 56119)
[ view plain ]
| 000 -LEADER | |
|---|---|
| fixed length control field | 00886nam a2200241 a 4500 |
| 001 - CONTROL NUMBER | |
| control field | 56119 |
| 003 - CONTROL NUMBER IDENTIFIER | |
| rucl marc code | BD-RjUL |
| 005 - DATE AND TIME OF LATEST TRANSACTION | |
| control field | 20211209080344.0 |
| 008 - FIXED-LENGTH DATA ELEMENTS--GENERAL INFORMATION | |
| fixed length control field | 161126s1970 ii ||||| |||| 00| 0 ben d |
| 020 ## - INTERNATIONAL STANDARD BOOK NUMBER | |
| Terms of availability | : Irs 15.00 |
| 035 ## - SYSTEM CONTROL NUMBER | |
| System control number | (BD-RjUL)56243 |
| 040 ## - CATALOGING SOURCE | |
| Original cataloging agency | BD-RjUL |
| Language of cataloging | ben |
| Transcribing agency | BD-RjUL |
| 041 ## - LANGUAGE CODE | |
| Language code of text/sound track or separate title | ben |
| 082 ## - DEWEY DECIMAL CLASSIFICATION NUMBER | |
| Edition number | 23 |
| Classification number | 891.4409 |
| Author mark and year | GUE 1970 |
| 100 ## - MAIN ENTRY--PERSONAL NAME | |
| Personal name | গুহ, সত্য |
| 9 (RLIN) | 167072 |
| 245 10 - TITLE STATEMENT | |
| Title | একালের গদ্যপদ্য আন্দোলনের দলিল / |
| Statement of responsibility, etc. | সত্য গুহ |
| 250 ## - EDITION STATEMENT | |
| Edition statement | ১ম সং . |
| 260 ## - PUBLICATION, DISTRIBUTION, ETC. (IMPRINT) | |
| Place of publication, distribution, etc. | কলিকাতা : |
| Name of publisher, distributor, etc. | অধুনা, |
| Date of publication, distribution, etc. | ১৯৭০ |
| 300 ## - PHYSICAL DESCRIPTION | |
| Pagination | ৪০৮ পৃ. ; |
| Size | ২১ সেমি . |
| 650 ## - SUBJECT ADDED ENTRY--TOPICAL TERM | |
| Topical term or geographic name as entry element | বাংলা সাহিত্য |
| General subdivision | ইতিহাস ও সমালোচনা |
| 9 (RLIN) | 167073 |
| Topical term or geographic name as entry element | Bengali Literature |
| General subdivision | History & Criticism |
| 9 (RLIN) | 167074 |
| 942 ## - ADDED ENTRY ELEMENTS (KOHA) | |
| Source of classification or shelving scheme | Dewey Decimal Classification |
| Koha item type | Books |
| Lost status | Source of classification or shelving scheme | Damaged status | Not for loan | Collection code | Permanent Location | Current Location | Shelving location | Date acquired | Source of acquisition | Total Checkouts | Full call number | Date last seen | Copy number | Koha item type | Cost, normal purchase price |
|---|---|---|---|---|---|---|---|---|---|---|---|---|---|---|---|
| Dewey Decimal Classification | Non-fiction | Central Library, University of Rajshahi | Central Library, University of Rajshahi | 07/12/1971 | Varotio High Comissioner, Rajshahi | B 891.4409 GUE 1970 | 26/11/2016 | C-2 | Books | ||||||
| Dewey Decimal Classification | Non-fiction | Central Library, University of Rajshahi | Central Library, University of Rajshahi | 04/11/1978 | Kolikata, India International | B 891.4409 GUE 1970 | 26/11/2016 | C-3 | Books | 15.00 |